000 01051nam a2200229 i 4500
001 25401
003 ES-MaACL
005 20250811052457.0
007 t|
008 021226s1835 xxk |||| | spa d
080 _a342(460)"1810/13"
100 1 _aArgüelles, Agustín,
_d1776-1844
_922710
245 1 0 _aExamen histórico de la reforma constitucional que hicieron las Cortes Generales y Estraordinarias desde que se instalaron en la Isla de León
_b: el día 24 de setiembre de 1810, hasta que cerraron en Cádiz sus sesiones en 14 del propio mes de 1813 /
_cpor Agustín de Argüelles.
260 _aLondres :
_b[s.n.],
_c1835 (
_fImp. de Carlos Wood e Hijo)
300 _a2 v. (VIII, 479 ; VII, 459 p.) ;
_c21 cm.
530 _aDisponible en formato digital.
610 1 4 _aEspaña.
_bCortes de Cádiz
_93663
651 4 _aEspaña-
_xHistoria constitucional-
_yS.XIX.
_98367
852 _aES-MaACL
_jD-4128-29
856 _uhttp://bdh-rd.bne.es/viewer.vm?id=0000042636&page=1
_zBiblioteca Digital Hispánica
999 _c25401
_d25401